| 000 | 01230cab a2200301 4500 | ||
|---|---|---|---|
| 001 | ABS53955 | ||
| 008 | 090401t1995 xxu||||| |||| 00| 0 eng d | ||
| 035 | _a(Sirsi) u7634 | ||
| 041 | _aeng | ||
| 245 | _aSmith and another v Kent CC | ||
| 260 | _c1995 | ||
| 350 | _a0 | ||
| 490 |
_aEstates Gazette _v[1995] 44 EG 141-146(6) |
||
| 520 | _aLT 10 February 1995. It was decided that whilst the compulsory purchase of a section of front garden to widen the A20 would not have a serious effect on amenity, the claimants` blight notice was upheld as they would suffer a reduction in privacy from the loss of existing trees and the execution of works would impede pedestrian and vehicular access. | ||
| 650 | _aA20 | ||
| 650 | _aBLIGHT NOTICES | ||
| 650 |
_aCompulsory purchase _96228 |
||
| 650 | _aCONSTRUCTION WORKS | ||
| 650 | _aLAND AND COMPENSATION ACT 1973 SCH13 PARA15 | ||
| 650 | _aROAD IMPROVEMENTS | ||
| 650 | _aSMITH AND ANOTHER V KENT CC | ||
| 650 | _aTOWN AND COUNTRY PLANNING ACT 1990 S166(2)(B) | ||
| 650 | _aTRAFFIC NOISE | ||
| 690 | _aENVIRONMENTAL AND LAND CONSULTANCY-PLANNING AND DEVELOPMENT-COMPULSORY PURCHASE AND COMPENSATION | ||
| 690 | _aLAND-CASE LAW | ||
| 942 | _n0 | ||
| 948 | _c04/03/1997 | ||
| 999 |
_c4639 _d4639 |
||